| 000 | 00620nam a22001817a 4500 | ||
|---|---|---|---|
| 005 | 20251112170353.0 | ||
| 008 | 251112b |||||||| |||| 00| 0 eng d | ||
| 020 | _a9780133766585 | ||
| 050 |
_aTK7836 _b.V55 |
||
| 100 | _aVillanucci, Robert S. | ||
| 245 |
_aElectronic Techniques _bshop practices and construction _cRobert S. Villanucci, Alexander W. Avtgis & William F. Megow |
||
| 250 | _a5th ed. | ||
| 260 |
_aEnglewood Cliffs, New Jersey _bPrentice-Hall International _c1996 |
||
| 300 |
_axxvi. 550p. _bill. _c27.5cm |
||
| 700 | _aAvtgis, Alexander W. | ||
| 700 | _aMegow, William F. | ||
| 942 |
_2lcc _cBK _e5th ed. _n0 |
||
| 999 |
_c8233 _d8233 |
||